Southville International School and Colleges

Poems on Slavery (Record no. 273649)

000 -LEADER
fixed length control field 00592cam a22002053a 4500
001 - CONTROL NUMBER
control field 44398
003 - CONTROL NUMBER IDENTIFIER
control field PGUSA
005 - DATE AND TIME OF LATEST TRANSACTION
control field 20140828084020.0
008 - FIXED-LENGTH DATA ELEMENTS--GENERAL INFORMATION
fixed length control field 131209s2013||||xxu|||||s|||||000 | eng d
040 ## - CATALOGING SOURCE
Original cataloging agency PGUSA
Language of cataloging eng
042 ## - AUTHENTICATION CODE
Authentication code dc
100 1# - MAIN ENTRY--PERSONAL NAME
Personal name Longfellow, Henry Wadsworth,
Dates associated with a name 1807-1882
245 10 - TITLE STATEMENT
Title Poems on Slavery
Medium [electronic resource] /
Statement of responsibility, etc Henry Wadsworth Longfellow
260 ## - PUBLICATION, DISTRIBUTION, ETC. (IMPRINT)
Name of publisher, distributor, etc Project Gutenberg,
Date of publication, distribution, etc 2013
506 ## - RESTRICTIONS ON ACCESS NOTE
Terms governing access Public domain in the USA.
516 ## - TYPE OF COMPUTER FILE OR DATA NOTE
Type of computer file or data note Electronic text
830 #0 - SERIES ADDED ENTRY--UNIFORM TITLE
Uniform title Project Gutenberg
Volume number/sequential designation 44398
856 40 - ELECTRONIC LOCATION AND ACCESS
Uniform Resource Identifier http://www.gutenberg.org/ebooks/44398
942 ## - ADDED ENTRY ELEMENTS (KOHA)
Koha item type eBooks
Holdings
Koha item type Price effective from Date acquired Lost status Date last seen Current Location Permanent Location Damaged status Withdrawn status
eBooks2014-08-282014-08-28 2014-08-28Project GutenbergProject Gutenberg  
Powered by Koha